All NewJeans songs (updated Nov 2024) - Statistics

General Stats
  • This quiz has been taken 86 times
  • The average score is 18 of 21
Answer Stats
Hint Answer % Correct
OMG
100%
How Sweet
99%
New Jeans
99%
Supernatural
99%
Cookie
97%
Ditto
97%
songs Attention
96%
Super Shy
96%
ETA
94%
Bubble Gum
93%
Hype Boy
93%
Get Up
92%
ASAP
86%
Cool With You
86%
Hurt
86%
Right Now
86%
Zero
86%
GODS
76%
Our Night is more beautiful than your Day
48%
Beautiful Restriction
45%
Be Who You Are (with Jon Batiste, JID & Camilo)
42%
No matching quizzes found
Score Distribution
Percent of People with Each Score
Percentile by Number Answered
Your Score History
You have not taken this quiz